Statistics for Nike Mini Quiz

Click here to take the quiz!

General Stats

  • This quiz has been taken 16 times
  • The average score is 4 of 7

Answer Stats

HintAnswer% Correct
When Nike was founded1964
90%
When Jordan’s came out1985
80%
Nike now owns what shoe brandConverse
70%
How many brands Nike is consisted of3
40%
What it was called before NikeBlue Ribbon Sports
40%
Nike signature shoe that came out in 1977Blazers
20%
Who signed first shoe deal (Tennis)Ilie Nastase
10%

Score Distribution

Percentile by Number Answered

Percent of People with Each Score

Your Score History

You have not taken this quiz